000 00438nam a22001817a 4500
005 20241004100219.0
008 241004b |||||||| |||| 00| 0 eng d
020 _a9789698633110
082 _a620.112
_bZAH-M
100 _aZahid Ahmad Siddiqi
245 _aMechanics of Materials /
250 _a1Ast ed.
260 _aPakistan;
_bilmi
_c2014
300 _a296p.
_bill;
_c24cm.
650 _aEngineering
999 _c36632
_d36632